The organisation in its environment / (Record no. 18053)
[ view plain ]
| 000 -LEADER | |
|---|---|
| fixed length control field | 00938 am a2200301ua 4500 |
| 001 - CONTROL NUMBER | |
| control field | 007401416 |
| 003 - CONTROL NUMBER IDENTIFIER | |
| control field | OSt |
| 005 - DATE AND TIME OF LATEST TRANSACTION | |
| control field | 20140302115632.0 |
| 008 - FIXED-LENGTH DATA ELEMENTS--GENERAL INFORMATION | |
| fixed length control field | 821108r19821983xxka gr2 000 0 eng d |
| 020 ## - INTERNATIONAL STANDARD BOOK NUMBER | |
| International Standard Book Number | 0712115412 (pbk.) |
| 040 ## - CATALOGING SOURCE | |
| Original cataloging agency | Uk |
| Transcribing agency | Uk |
| 082 04 - DEWEY DECIMAL CLASSIFICATION NUMBER | |
| Classification number | 302.35 |
| Edition number | 22 |
| Item number | BEA |
| 100 1# - MAIN ENTRY--PERSONAL NAME | |
| Personal name | Beardshaw, John |
| 9 (RLIN) | 35134 |
| 245 14 - TITLE STATEMENT | |
| Title | The organisation in its environment / |
| Statement of responsibility, etc | John Beardshaw, David Palfreman. |
| 250 ## - EDITION STATEMENT | |
| Edition statement | 2nd ed., |
| Remainder of edition statement | reprinted. |
| 260 ## - PUBLICATION, DISTRIBUTION, ETC. (IMPRINT) | |
| Place of publication, distribution, etc | Plymouth, United Kingdom : |
| Name of publisher, distributor, etc | Macdonald and Evans, |
| Date of publication, distribution, etc | 1982. |
| 300 ## - PHYSICAL DESCRIPTION | |
| Extent | xvi, 655 p. : |
| Other physical details | ill. ; |
| Dimensions | 22 cm. |
| 490 1# - Series Statement | |
| Series statement | The M & E BECBook series |
| 500 ## - GENERAL NOTE | |
| General note | Reprint of the 1982 ed. |
| 500 ## - GENERAL NOTE | |
| General note | Index : p. 635-655. |
| 650 #0 - SUBJECT ADDED ENTRY--TOPICAL TERM | |
| Topical term or geographic name as entry element | Industrial organization |
| 9 (RLIN) | 3176 |
| 650 #0 - SUBJECT ADDED ENTRY--TOPICAL TERM | |
| Topical term or geographic name as entry element | Organization |
| 9 (RLIN) | 3175 |
| 653 ## - INDEX TERM--UNCONTROLLED | |
| Resource For college | BAEPS, Economics |
| Arrived date list | February2014 |
| 655 ## - INDEX TERM--GENRE/FORM | |
| Form subdivision | |
| -- | 34232 |
| 700 1# - ADDED ENTRY--PERSONAL NAME | |
| Personal name | Palfreman, David |
| 9 (RLIN) | 35135 |
| 830 #4 - SERIES ADDED ENTRY--UNIFORM TITLE | |
| Uniform title | The M & E BECBook series |
| 9 (RLIN) | 35136 |
| 942 ## - ADDED ENTRY ELEMENTS (KOHA) | |
| Source of classification or shelving scheme | Dewey Decimal Classification |
| Call number prefix | 302.35 BEA |
| Withdrawn status | Item status | Source of classification or shelving scheme | Damaged status | Not for loan | Vendor | Home library | Current library | Shelving location | Date acquired | Source of acquisition | Total Checkouts | Full call number | Barcode | Date last seen | Koha item type |
|---|---|---|---|---|---|---|---|---|---|---|---|---|---|---|---|
| Dewey Decimal Classification | Donation-Gift | Central Library | Central Library | First floor | 09/02/2014 | Donation | 302.35 BEA | 000035607 | 15/07/2025 | Book - Borrowing |